000
00345pab a2200157 454500
008
180718b1996 xxu||||| |||| 00| 0 eng d
100
_a
Basu, Aparna
245
_a
Towards ensuring gender equity
260
_c
1996
300
_a
p.51-53
362
_a
Jan
650
_a
Women - India
650
_a
Women
773
_a
Yojana
909
_a
30370
999
_c
30370
_d
30370